Представление документа в формате RUSMARC

ПолеНазваниеЗначение
  Тип записи a
  Библиографический уровень m
001 Контрольный номер 755f630d67ce476b9ffffef2616a3e46
005 Дата корректировки 20140527160635.4
010 Индекс ISBN __
a ISBN 978-5-8018-0349-4
101 Язык документа 0_
a Язык текста rus
102 Страна публикации __
a Страна публикации RU
200 Заглавие и сведения об ответственности 1_
a Заглавие Действующие нормы естественной убыли. Все что необходимо знать специалисту
e Сведения, относящиеся к заглавию справ. пособие
f Первые сведения об ответственности А. В. Полетаев
210 Выходные данные 1_
c Издательство Дело и Сервис
a Место издания Москва
d Дата издания 2007
215 Физическое описание __
a Объем 175, [1] с.
225 Серия 2_
a Серия Б-ка журн. " Консультант бухгалтера"
v Обозначение тома вып. 3
610 Ключевые слова 0_
a Ключевые слова бухгалтерский учет
610 Ключевые слова 0_
a Ключевые слова учет затрат
610 Ключевые слова 0_
a Ключевые слова естественная убыль
610 Ключевые слова 0_
a Ключевые слова инвентаризация
610 Ключевые слова 0_
a Ключевые слова материальные ценности
686 Индексы других классификаций __
a Классификационный индекс 65.052.9(2)229
2 Код системы rubbk
700 Автор _1
a Фамилия Полетаев
b Имя А. В.
801 Источник записи _0
a Страна RU
b Организация РУК
c Дата составления 20071004
g Правила каталогизации PSBO
801 Источник записи _1
a Страна RU
b Организация РУК
c Дата составления 20071004
g Правила каталогизации PSBO
852 Данные о местонахождении __
j Шифр хранения ББК 65.052
i Авторский знак П 49
901 Тип документа __
t Тип документа m
938 Служебная информация __
a Название организации Головной вуз
b Имя БД BOOK
c Название АИБС АИБС ИРБИС